| 000 | 00701nam a22002297a 4500 | ||
|---|---|---|---|
| 999 |
_c2100 _d2100 |
||
| 001 | 2100 | ||
| 003 | BD-JhCC | ||
| 005 | 20171029185017.0 | ||
| 008 | 171029s2012 bg |||| |||| 000 0 ben d | ||
| 020 | _a9789845020558 | ||
| 035 | _a(BD-JhCC)2100 | ||
| 040 |
_aBD-JhCC _dBD-JhCC |
||
| 041 | _aben | ||
| 082 |
_a954.9205 _bRAF 2012 |
||
| 100 | _aরফিক, আহমদ | ||
| 245 |
_aবাঙালির স্বাধীনতাযুদ্ধ / _cআহমদ রফিক |
||
| 260 |
_aঢাকা : _bঅন্যপ্রকাশ , _c২০১২. |
||
| 300 |
_a২২৩ পৃ. : _c২২ সেমি. |
||
| 650 | _aHistory of Libaration War | ||
| 942 |
_2ddc _cBK |
||